00266 a2200109 4500001000700000040003500007100003600042240003300078245002800111300000800139362000900147154131 cEscola São Tomás de Aquino aGARCIA, Auxiliadora Magalhães10aOs Deuses não dormem lpor10aOs Deuses não dormem  a2060 a1999